000
00197 a2200097 4500
020
_a
9789568827083
041
_a
spa
100
_a
Harvard Business
245
_a
Como Hacer Prestaciones
942
_c
BK
999
_c
14685
_d
14685